24 hours that changed the world (Record no. 233453)
[ view plain ]
| 000 -LEADER | |
|---|---|
| fixed length control field | 01748nam a2200337 a 4500 |
| 100 1# - MAIN ENTRY--AUTHOR NAME | |
| Personal name | Hamilton, Adam, |
| 245 10 - TITLE STATEMENT | |
| Title | 24 hours that changed the world |
| 260 ## - PUBLICATION, DISTRIBUTION, ETC. (IMPRINT) | |
| Place of publication | Nashville : |
| Name of publisher | Abingdon Press, |
| Year of publication | c2009. |
| 300 ## - PHYSICAL DESCRIPTION | |
| Number of Pages | 133 p. : |
| Other physical details | ill., map. |
| 505 0# - FORMATTED CONTENTS NOTE | |
| Formatted contents note | The Last Supper -- The Garden of Gethsemane -- Condemned by the righteous -- Jesus, Barabbas, and Pilate -- The torture and humiliation of the King -- The crucifixion -- Christ the victor. |
| 520 ## - SUMMARY, ETC. | |
| Summary, etc | No single event in human history has received more attention than the suffering and crucifixion of Jesus of Nazareth. In this book, Adam Hamilton guides us through the last twenty-four hours of Jesus' life. Each chapter is designed to help the reader experience and understand the significance of Jesus' suffering and death. |
| 856 40 - ELECTRONIC LOCATION AND ACCESS | |
| Uniform Resource Identifier | http://site.ebrary.com/lib/rucke/Doc?id=10430632 |
No items available.
